| 000 | 00622nam a2200169 a 4500 | ||
|---|---|---|---|
| 001 | 000040072 | ||
| 005 | 20201002033912.0 | ||
| 008 | 130805s1982 ve 000 0 spa d | ||
| 040 |
_aDO-SdBNP _bspa _cBNPHU |
||
| 100 | 1 |
_aSalcedo Bastardo, J. L. _918082 |
|
| 245 | 1 | 0 |
_aÁndres Bello Americano : _by otras luces sobre la independencia / _cJ. L. Salcedo-Bastardo. |
| 260 |
_aCaracas, Venezuela : _bAcademia Nacional de la Historia, _c1982. |
||
| 300 |
_a270 p. ; _c22 cm. |
||
| 490 | 1 |
_aEl libro menor _v25 |
|
| 504 | _aIncluye referencias bibliográficas y notas al pie de las páginas | ||
| 830 | 0 |
_aEl libro menor _v25 _949138 |
|
| 999 |
_c39562 _d39562 |
||